| Tag |
First Indicator |
Second Indicator |
Subfields |
| LEADER |
00000cam a2200000 a 4500 |
| 001 |
in00002572829 |
| 005 |
20151201150007.0 |
| 008 |
090626s2010 njuaf b 001 0 eng |
| 010 |
|
|
|a 2009024890
|
| 020 |
|
|
|a 9780471692720 (cloth)
|
| 020 |
|
|
|a 0471692727 (cloth)
|
| 029 |
1 |
|
|a CDX
|b 4498744
|
| 035 |
|
|
|a (OCoLC)ocn150357850
|
| 035 |
|
|
|a (OCoLC)150357850
|
| 040 |
|
|
|a DLC
|c DLC
|d BTCTA
|d BAKER
|d C#P
|d CDX
|d BWX
|d YDXCP
|d UtOrBLW
|
| 049 |
|
|
|a TXAM
|
| 050 |
0 |
0 |
|a QH324.2
|b .S725 2010
|
| 082 |
0 |
0 |
|a 570.285
|2 22
|
| 245 |
0 |
0 |
|a Statistical bioinformatics :
|b a guide for life and biomedical science researchers /
|c edited by Jae K. Lee.
|
| 264 |
|
1 |
|a Hoboken, N.J. :
|b Wiley-Blackwell,
|c [2010]
|
| 264 |
|
4 |
|c ©2010
|
| 300 |
|
|
|a xiv, 350 pages, 20 unnumbered pages of plates :
|b illustrations (some color) ;
|c 24 cm.
|
| 336 |
|
|
|a text
|b txt
|2 rdacontent
|
| 337 |
|
|
|a unmediated
|b n
|2 rdamedia
|
| 338 |
|
|
|a volume
|b nc
|2 rdacarrier
|
| 504 |
|
|
|a Includes bibliographical references and index.
|
| 505 |
0 |
|
|a Road to statistical bioinformatics -- Probability concepts and distributions for analyzing large biological data -- Quality control of high-throughput biological data -- Statistical testing and significance for large biological data analysis -- Clustering : unsupervised learning in large biological data -- Classification : supervised learning with high-dimensional biological data -- Multidimensional analysis and visualization on large biological data -- Statistical models, inference, and algorithms for large biological data analysis -- Experimental designs on high-throughput biological experiments -- Statistical resampling techniques for large biological data analysis -- Statistical network analysis for biological systems and pathways -- Trends and statistical challenges in genomewide association studies -- R and bioconductor packages in bioinformatics : towards systems biology.
|
| 650 |
|
0 |
|a Bioinformatics
|x Statistical methods.
|
| 700 |
1 |
|
|a Lee, Jae K.
|q (Jae Kyun)
|
| 938 |
|
|
|a Baker and Taylor
|b BTCP
|n BK0006808514
|
| 938 |
|
|
|a Baker & Taylor
|b BKTY
|c 79.95
|d .00
|i 0471692727
|n 0006808514
|s active
|
| 938 |
|
|
|a Blackwell Book Service
|b BBUS
|n R3831714
|c $99.95
|
| 938 |
|
|
|a YBP Library Services
|b YANK
|n 3135103
|
| 938 |
|
|
|a Coutts Information Services
|b COUT
|n 4498744
|
| 945 |
|
|
|a PromptCat
|b 963246
|
| 946 |
|
|
|a stk
|
| 947 |
|
|
|a A14840285176
|
| 994 |
|
|
|a 92
|b TXA
|
| 948 |
|
|
|a cataloged
|b h
|d 2010/4/30
|h c
|e asalazar
|f 12:05:53 pm
|
| 999 |
|
|
|a MARS
|
| 999 |
f |
f |
|s b4dbada9-c9d1-309d-b9b8-a80ef3771450
|i 1ca6d9ef-fa40-321a-b273-4a41c346719d
|t 0
|
| 952 |
f |
f |
|p normal
|a Texas A&M University
|b College Station
|c Sterling C. Evans Library
|d Evans: Library Stacks
|t 0
|e QH324.2 .S725 2010
|h Library of Congress classification
|i unmediated -- volume
|m A14840285176
|
| 998 |
f |
f |
|a QH324.2 .S725 2010
|t 0
|l Evans: Library Stacks
|